BIBLIOTECA PODER JUDICIAL
Portal Judicial TDF

El amparo colectivo / (Registro nro. 1382)

000 -LEADER
fixed length control field 01297nam a22002417a 4500
003 - CONTROL NUMBER IDENTIFIER
control field OSt
005 - DATE AND TIME OF LATEST TRANSACTION
control field 20180907053606.0
008 - FIXED-LENGTH DATA ELEMENTS--GENERAL INFORMATION
fixed length control field 180220b xxu||||| |||| 00| 0 spa d
020 ## - INTERNATIONAL STANDARD BOOK NUMBER
International Standard Book Number 9507271708
040 ## - CATALOGING SOURCE
Transcribing agency PJ
100 ## - ASIENTO PRINCIPAL - NOMBRE DE PERSONA
9 (RLIN) 185
Personal name Quiroga Lavié, Humberto
245 13 - MENCIÓN DE TÍTULO
Título propiamente dicho El amparo colectivo /
Mención de responsabilidad, etc Humberto Quiroga Lavié.
260 ## - PUBLICATION, DISTRIBUTION, ETC. (IMPRINT)
Place of publication, distribution, etc Buenos Aires :
Date of publication, distribution, etc Rubinzal - Culzoni,
Name of publisher, distributor, etc 1998.
300 ## - DESCRIPCION FISICA
Extent 276 p.
Dimensions 23 cm.
500 ## - NOTA GENERAL
General note Notas y citas a pie de página.
505 ## - FORMATTED CONTENTS NOTE
Formatted contents note Contenido:<br/>La teoría de los derechos públicos subjetivos como fundamento del amparo colectivo -- Los derechos públicos y los aspectos procesales del amparo colectivo -- La proyección social de los derechos públicos subjetivos. La función social del amparo colectivo -- Los derechos públicos subjetivos y la protección de los intereses difusos -- El concepto de derecho colectivo en el marco constitucional argentino -- El Defensor del Pueblo en el Derecho argentino -- Addenda: en camino a una futura y necesario ley que reglamente el amparo colectivo.
650 #0 - ASIENTO SECUNDARIO DE MATERIA - TERMINO TEMATICO
9 (RLIN) 178
Topical term or geographic name as entry element DERECHO CONSTITUCIONAL
650 #0 - ASIENTO SECUNDARIO DE MATERIA - TERMINO TEMATICO
9 (RLIN) 267
Topical term or geographic name as entry element DERECHO PROCESAL
650 #0 - ASIENTO SECUNDARIO DE MATERIA - TERMINO TEMATICO
9 (RLIN) 1223
Topical term or geographic name as entry element ACCION DE AMPARO
650 #0 - ASIENTO SECUNDARIO DE MATERIA - TERMINO TEMATICO
9 (RLIN) 2079
Topical term or geographic name as entry element AMPARO COLECTIVO
650 #0 - ASIENTO SECUNDARIO DE MATERIA - TERMINO TEMATICO
9 (RLIN) 2080
Topical term or geographic name as entry element DERECHOS DE INCIDENCIA COLECTIVA
942 ## - ADDED ENTRY ELEMENTS (KOHA)
Source of classification or shelving scheme
Koha item type Libros
Classification part 347.9:342.4
Item part QUI
Existencias
Withdrawn status Lost status Source of classification or shelving scheme Damaged status Not for loan Permanent Location Current Location Date acquired Full call number Barcode Date last seen Price effective from Koha item type
          Biblioteca Poder Judicial Sur Biblioteca Poder Judicial Sur 2018-09-07 347.9:342.4 QUI 3796 2018-09-07 2018-09-07 Libros

12 de Octubre 789 Ushuaia - Tel:  54(02901)441571
Horario de Atención: 8.00 a 17.00 hs. 
bibliotecaush@justierradelfuego.gov.ar
koha@justierradelfuego.gov.ar
Seguinos en nuestras redes @bibliojustdf 

Con tecnología Koha